Statistics for Biggest Trading Partners - Syria

Click here to take the quiz!

General Stats

  • This quiz has been taken 70 times
  • The average score is 16 of 21

Answer Stats

Country % Correct
$10.4 MRussia
96%
$117 MEgypt
94%
$128 MLebanon
94%
$63.5 MTurkey
93%
$58.2 MSaudi Arabia
91%
$915 MChina
90%
$10.0 MQatar
87%
$48.4 MUnited Arab Emirates
87%
$88.1 MJordan
85%
$21.0 MKuwait
84%
$23.2 MAlgeria
82%
$35.2 MIndia
79%
$11.9 MMorocco
79%
$10.1 MTunisia
76%
$16.6 MGermany
72%
$78.5 MItaly
67%
$194 MSouth Korea
66%
$25.0 MSpain
61%
$106 MBrazil
49%
$55.2 MNetherlands
48%
$65.0 MArgentina
33%

Score Distribution

Percentile by Number Answered

Percent of People with Each Score

Your Score History

You have not taken this quiz